Jesucristo: ideal del sacerdote
Guardat en:
| Autor principal: | |
|---|---|
| Format: | Llibre |
| Idioma: | espanyol |
| Publicat: |
Montevideo
Difusión
1951
|
| Col·lecció: | Colección Kempis, 67
|
| Matèries: | |
| Etiquetes: |
Afegir etiqueta
Sense etiquetes, Sigues el primer a etiquetar aquest registre!
|
MARC
| LEADER | 00000nam a2200000 a 4500 | ||
|---|---|---|---|
| 001 | UCL1759 | ||
| 003 | CL-VaPUC | ||
| 008 | 030926e19510000UY |||||||||||||||||spa|d | ||
| 082 | 0 | 4 | |a 232 |b MAR |2 21 |
| 100 | |a Marmion, Columba |e autor |9 588595 | ||
| 245 | 1 | 0 | |a Jesucristo: ideal del sacerdote |
| 300 | |a 463 p | ||
| 942 | |c BK | ||
| 945 | |d 20030926 00:00:00 |a vberengu | ||
| 260 | |a Montevideo |b Difusión |c 1951 | ||
| 600 | 0 | |a Jesús |9 313614 | |
| 650 | 0 | |a Cristología |9 315091 | |
| 583 | |a last modification |c 20030926 00:00:00 |k Rodrigo Vera | ||
| 490 | 0 | |a Colección Kempis, 67 | |
| 999 | |c 305200 |d 305198 | ||
| 952 | |0 0 |1 0 |4 0 |6 232_000000000000000_MAR_1951 |7 0 |8 A |9 368304 |a BIBTEO |b BIBTEO |d 2019-11-21 |i 2078139 |o 232 MAR 1951 |p 2078139 |r 2025-01-17 |w 2019-11-21 |y BK |k ICR | ||